Zoomorphic : (Record no. 353678)

000 -LEADER
fixed length control field 01217nam a2200217 a 4500
001 - CONTROL NUMBER
control field ASIN1856693406
003 - CONTROL NUMBER IDENTIFIER
control field OSt
005 - DATE AND TIME OF LATEST TRANSACTION
control field 20180116192415.0
008 - FIXED-LENGTH DATA ELEMENTS--GENERAL INFORMATION
fixed length control field 130301s2003 xxu eng d
020 ## - INTERNATIONAL STANDARD BOOK NUMBER
International Standard Book Number 1856693406 (hardcover)
Terms of availability $29.95
020 ## - INTERNATIONAL STANDARD BOOK NUMBER
International Standard Book Number 9781856693400 (hardcover)
040 ## - CATALOGING SOURCE
Transcribing agency del
082 ## - DEWEY DECIMAL CLASSIFICATION NUMBER
Classification number 724.6
100 1# - MAIN ENTRY--PERSONAL NAME
Personal name Aldersey-williams, Hugh.
9 (RLIN) 6456
245 10 - TITLE STATEMENT
Title Zoomorphic :
Remainder of title new animal architecture /
Statement of responsibility, etc. Hugh Aldersey-williams.
260 ## - PUBLICATION, DISTRIBUTION, ETC.
Place of publication, distribution, etc. London :
Name of publisher, distributor, etc. Collins Design,
Date of publication, distribution, etc. 2003.
300 ## - PHYSICAL DESCRIPTION
Extent 176 p. ;
Dimensions 22 cm.
520 ## - SUMMARY, ETC.
Summary, etc. A quirky trend of building designs inspired by bizarre animals has emerged in the last few years. Why and how has this happened? Is it because of new technical possibilities in materials and structural engineering? Or is the answer to be found in new social preoccupations in science? After a brief look at the historical precedents, the book focuses on contemporary examples from around the world and shows the various ways in which the organic/animal forms inform the architectural ones. Featured architects include Frank Gehry, Michael Sorkin, and Greg Lynn.
856 40 - ELECTRONIC LOCATION AND ACCESS
Materials specified Amazon.com
Uniform Resource Identifier <a href="http://www.amazon.com/exec/obidos/ASIN/1856693406/chopaconline-20">http://www.amazon.com/exec/obidos/ASIN/1856693406/chopaconline-20</a>
942 ## - ADDED ENTRY ELEMENTS (KOHA)
Source of classification or shelving scheme
Koha item type Book
Holdings
Withdrawn status Lost status Source of classification or shelving scheme Damaged status Not for loan Permanent Location Current Location Date acquired Total Checkouts Full call number Barcode Date last seen Copy number Cost, replacement price Price effective from Koha item type Date last checked out Total Renewals
          School of Art Design and Architecture (SADA) School of Art Design and Architecture (SADA) 02/27/2013   724.6 ALD 2003 SADA0001964 01/05/2017 1 0.00 01/05/2017 Book    
          School of Art Design and Architecture (SADA) School of Art Design and Architecture (SADA) 02/27/2013 1 724.6 ALD 2003 SADA0001965 04/24/2013 2 0.00 04/16/2013 Book 04/16/2013  
          School of Art Design and Architecture (SADA) School of Art Design and Architecture (SADA) 02/27/2013   724.6 ALD 2003 SADA0001966 04/16/2013 3 0.00 04/16/2013 Book    
          School of Art Design and Architecture (SADA) School of Art Design and Architecture (SADA) 02/27/2013   724.6 ALD 2003 SADA0001967 04/16/2013 4 0.00 04/16/2013 Book    
          School of Art Design and Architecture (SADA) School of Art Design and Architecture (SADA) 02/27/2013 3 724.6 ALD 2003 SADA0001968 10/24/2014 5 0.00 04/16/2013 Book 10/22/2014 1
© 2023 Central Library, National University of Sciences and Technology. All Rights Reserved.